Tâm bệnh học trẻ em lứa tuổi mầm non
Nội dung gồm có 3 chương. Ch.1: Khái quát về tâm bệnh học trẻ em; Ch.2: Các rối loạn tâm lí của trẻ em lứa tuổi mầm non; Ch.3: Phòng ngừa và chữa trị rối loạn tâm lí cho trẻ em tuổi mầm non.
Đã lưu trong:
| 主要作者: | |
|---|---|
| 格式: | 图书 |
| 语言: | Undetermined |
| 出版: |
H.
Đại học Sư phạm
2011
|
| 主题: | |
| 在线阅读: | http://lrc.tdmu.edu.vn/opac/search/detail.asp?aID=2&ID=14713 |
| 标签: |
添加标签
没有标签, 成为第一个标记此记录!
|
| Thư viện lưu trữ: | Trung tâm Học liệu Trường Đại học Thủ Dầu Một |
|---|
| LEADER | 00976nam a2200205Ia 4500 | ||
|---|---|---|---|
| 001 | TDMU_14713 | ||
| 008 | 210410s9999 xx 000 0 und d | ||
| 082 | |a 155.4 | ||
| 090 | |b NG527 | ||
| 100 | |a Nguyễn, Thị Như Mai | ||
| 245 | 0 | |a Tâm bệnh học trẻ em lứa tuổi mầm non | |
| 245 | 0 | |c Nguyễn Thị Như Mai | |
| 260 | |a H. | ||
| 260 | |b Đại học Sư phạm | ||
| 260 | |c 2011 | ||
| 300 | |a 136 tr. | ||
| 520 | |a Nội dung gồm có 3 chương. Ch.1: Khái quát về tâm bệnh học trẻ em; Ch.2: Các rối loạn tâm lí của trẻ em lứa tuổi mầm non; Ch.3: Phòng ngừa và chữa trị rối loạn tâm lí cho trẻ em tuổi mầm non. | ||
| 650 | |a Tâm lý trẻ em; Tâm bệnh học |x Trẻ em; Giáo dục mầm non | ||
| 856 | |u http://lrc.tdmu.edu.vn/opac/search/detail.asp?aID=2&ID=14713 | ||
| 980 | |a Trung tâm Học liệu Trường Đại học Thủ Dầu Một | ||